| 000 | 00641pam a2200229 a 4500 | ||
|---|---|---|---|
| 001 | 4801359 | ||
| 005 | 20180131084719.0 | ||
| 008 | 880412s1988 mduaf b 001 0 eng c | ||
| 010 | _a 88014212 | ||
| 020 | _a0806721766 | ||
| 040 |
_aDNLM/DLC _cDLC _dDLC |
||
| 041 | _aeng | ||
| 060 | _aQS 504 C3924 | ||
| 080 | _a611.018LEO | ||
| 082 | 0 | 0 |
_a611.018LEO _219 |
| 100 | _a12 | ||
| 101 | _aBIO | ||
| 245 | 0 | 0 |
_aCell and tissue biology : _cedited by Leon Weiss ; with 35 contributors. |
| 504 | _aIncludes bibliographies and index. | ||
| 906 |
_a7 _bcbc _corignew _d1 _eocip _f19 _gy-gencatlg |
||
| 942 |
_2ddc _cBK |
||
| 999 |
_c41405 _d41405 |
||